000 01152nam a22003257a 4500
003 CHAP
005 20220329140138.0
008 971013s1979 r 00010 d
010 _a47650
011 _a48622
035 _a52768
040 _cCHAP
090 _aTesis
100 0 0 _aPérez Mansilla, Martín Salvador.
_989823
245 _aComparación de rendimiento y evaluación del porciento de aceite del sintético Tecmon-2 y 11 variedades de girasol (Helianthus annuus L.) en Apodaca, N.L.
260 _a(Monterrey, N.L.) :
_bEl autor,
_c1979
300 _a54 h.
502 _aTesis (Ing. Agr. en Producción Agropecuaria) -- ITESM. Div. de Ciencias Agropecuarias y Marítimas
590 _aALEPH
_b10
_c20130110
_lUCH01
_h1318
590 _aBATCH-UPD
_b10
_c20130110
_lUCH01
_h2215
590 _aBATCH-UPD
_b10
_c20130410
_lUCH01
_h1516
590 _aBATCH-UPD
_b10
_c20130914
_lUCH01
_h1543
590 _aCONVERSION
_b10
_c20130109
_lUCH01
_h1326
650 1 4 _aAceite de girasol.
_9432
650 1 4 _aGirasol.
_948126
650 1 4 _aGirasol
_xVariedades.
_948186
901 _aBK
942 _cTESIS
949 _bBC
_cTES
_d-117349
_eTS1
_i52768
_si
999 _c47650
_d47650